Modificació del Pla especial del Parc de la Serralada Litoral : sessions informatives sessions informatives
Descripción Física:
1 díptic ; il·lustracions color ; 15 x 21 cm
Materias:
Parc de la Serralada Litoral (Catalunya)
; Reunions públiques -- Barcelona (Catalunya : Província)
Idioma:
Catalán
MARC
| LEADER | 00000nam a22000007a 4500 | ||
|---|---|---|---|
| 001 | 27979 | ||
| 003 | Arxiu | ||
| 005 | 20260324181518.0 | ||
| 008 | 230606b spa||||| |||| 00| 0 cat d | ||
| 017 | |a B 23703-2018 | ||
| 040 | |a agdb |b cat | ||
| 110 | 1 | |9 7250 |a Barcelona (Catalunya : Província). |b Xarxa de Parcs Naturals | |
| 245 | |a Modificació del Pla especial del Parc de la Serralada Litoral : |b sessions informatives | ||
| 260 | |a Barcelona : |b Diputació de Barcelona. Xarxa de Parcs Naturals ; |c 2018 | ||
| 300 | |a 1 díptic ; |b il·lustracions color ; |c 15 x 21 cm | ||
| 610 | 1 | 0 | |9 52719 |a Parc de la Serralada Litoral (Catalunya) |
| 650 | 0 | |a Reunions públiques |z Barcelona (Catalunya : Província) | |
| 710 | 1 | |9 52730 |a Barcelona (Catalunya : Província). |b Gerència de Serveis d’Espais Naturals | |
| 942 | |2 udc |c ARXIU |n 1 | ||
| 952 | |0 0 |1 0 |2 udc |4 0 |6 FU7611 |7 1 |9 66457 |a Arxiu |b Arxiu |d 2023-06-06 |l 0 |o FU-76-11 |p 27979 |r 2023-06-06 00:00:00 |w 2023-06-06 |y ARXIU | ||
| 999 | |c 83790 |d 83790 | ||